| 000 | 00425cam a22001337a 4500 | ||
|---|---|---|---|
| 008 | 180718b1989 xxu||||| |||| 00| 0 eng d | ||
| 082 | _aA81x54 In2/81/1/Pt4A/4 | ||
| 100 | _aCensus of India 1981 | ||
| 245 | _aIndia: social and cultural tables | ||
| 260 |
_aDelhi _bController of Publications _c1989 |
||
| 300 | _a777p. | ||
| 440 | _aCensus of India 1981. Series-1, India. Part IV-A (iv) | ||
| 500 | _aContents: Table C-2, S.T. | ||
| 999 |
_c481843 _d481843 |
||